| 000 | 00599nam a2200229Ia 4500 | ||
|---|---|---|---|
| 008 | 180620s9999 xx 000 0 und d | ||
| 020 | _a0-07-013887-7 | ||
| 050 | _aREF PC 2112 | ||
| 050 | _b.C64 1999 | ||
| 100 | _aCoffman Crocker, Mary E. | ||
| 245 | 0 | _aSchaum's outline of French grammar / | |
| 245 | 0 | _cMary E. Coffman Crocker. | |
| 250 | _a4th Edition | ||
| 260 | _aCanada : | ||
| 260 | _bMcGraw-Hill, | ||
| 260 | _c2007 | ||
| 300 | _a354 pages : | ||
| 300 | _c25 cm. | ||
| 440 | _aSchaum's outline series | ||
| 500 | _aIncludes index. | ||
| 650 | _aFrench language -- Grammar. | ||
| 999 |
_c358021 _d358021 |
||